000 00899nam a2200253Ia 4500
003 OSt
005 20221005112224.0
006 a|||||r|||| 00| 0
007 ta
008 221004b |||||||| |||| 00| 0 pan d
020 _cINR 260.00
024 _a66858
037 _b1205, 02/03/2020, H.K. Prakashan
_cTextual
040 _aCRL
_cCRL
_bpan
041 _2pan
_apan
082 _aO153:g, Q9
100 _aਕੌਰ, ਸੁਖਵਿੰਦਰ, ਥਦ.
245 0 _aਪੰਜਾਬੀਅਤ ਵਰਤਮਾਨ ਤੇ ਭਵਿੱਖ
260 _aਅੰਮ੍ਰਿਤਸਰ
_bਰਵੀ ਸਾਹਿਤ ਪ੍ਰਕਾFਨ ਭਾਰਤ
_c2019
300 _a167ਪ੍ਰ0
_ccm.
650 _aਪੰਜਾਬੀ ਸਾਹਿਤ
942 _hO153:g, Q9
_cTEXL
_2cc
999 _c1024239
_d1024239